<?xml version="1.0" encoding="UTF-8"?><OAI-PMH xmlns="http://www.openarchives.org/OAI/2.0/" xmlns:xsi="http://www.w3.org/2001/XMLSchema-instance"     xsi:schemaLocation="http://www.openarchives.org/OAI/2.0/ http://www.openarchives.org/OAI/2.0/OAI-PMH.xsd"><responseDate>2026-05-15T06:24:21Z</responseDate><request verb="GetRecord" identifier="oai:regmurcia.com:fintegr.1124" metadataPrefix="marc21">http://oai.regmurcia.com/oai2/oai2.php</request><GetRecord><record><header><identifier>oai:regmurcia.com:fintegr.1124</identifier><datestamp>2026-05-15</datestamp><setSpec>documentos</setSpec></header><metadata><record  xmlns="http://www.loc.gov/MARC21/slim" xmlns:xsi="http://www.w3.org/2001/XMLSchema-instance" xsi:schemaLocation="http://www.loc.gov/MARC21/slim http://www.loc.gov/standards/marcxml/schema/MARC21slim.xsd" type="Bibliographic"><leader>00000nam a2200000   4500</leader><controlfield tag="001" >005071088</controlfield><controlfield tag="003" >1124</controlfield><controlfield tag="004" >A00000000</controlfield><datafield tag="245" ind1=" " ind2=" "><subfield code="a">Ordenanzas del concejo de Lorca que hiceron el corregidor, Juan Cabrero, y los regidores de la ciudad.</subfield></datafield><datafield tag="300" ind1=" " ind2=" "><subfield code="c">301 x 215 mm.</subfield></datafield><datafield tag="300" ind1=" " ind2=" "><subfield code="a">8 fol.</subfield></datafield><datafield tag="351" ind1=" " ind2=" "><subfield code="a">Unidad Documental simple</subfield><subfield code="c">Archivo de Lorca. Array</subfield><subfield code="a">Unidad Documental simple</subfield><subfield code="c">Archivo de Lorca. Array</subfield></datafield><datafield tag="506" ind1=" " ind2=" "><subfield code="a">Acceso restringido</subfield></datafield><datafield tag="510" ind1=" " ind2=" "><subfield code="a">Pub. MOLINA MOLINA, A.L. Las ordenanzas de Cabrero al Concejo de Lorca (1490). En Cuadernos de Historia Madrid: Instituto Jerónimo Zurita, 1983, vol X p 125-136.</subfield></datafield><datafield tag="520" ind1=" " ind2=" "><subfield code="a">Contiene las ordenanzas sobre:&lt;/br&gt;- Reducción del número de regidores, de 36 a 12.&lt;/br&gt;- Elección de los regidores.&lt;/br&gt;- Elección de alcaldes y alguacil.&lt;/br&gt;- Que haya 12 escribanos del número.&lt;/br&gt;- El agua de la Fuente del Oro, de los propios del concejo, que la cobre el mayordomo.&lt;/br&gt;- El agua de Comarcheta, de los propios del concejo, que la cobre el mayordomo.&lt;/br&gt;- Que el dinero de las multas vaya a los propios y no se reparta entre los regidores.&lt;/br&gt;- Salarios del mayordomo, bachiller, encargado de los obreros, procurador, procurador síndico, regidores y escribano del concejo.&lt;/br&gt;- Penas para los que no acudan al concejo.&lt;/br&gt;- Libramientos.&lt;/br&gt;- Sisa vieja.&lt;/br&gt;- Casas de la putería.&lt;/br&gt;- Almotacén.&lt;/br&gt;- Regadío.&lt;/br&gt;- Guardia de la huerta y campo.&lt;/br&gt;- Mondas de la acequias.&lt;/br&gt;- Salinas.&lt;/br&gt;- Arrendamiento de los propios.&lt;/br&gt;- Tierras de los ausentes.&lt;/br&gt;- Acensamiento de los propios.</subfield></datafield><datafield tag="583" ind1=" " ind2=" "><subfield code="u">http://www.regmurcia.com/servlet/s.Sl?METHOD=VERDOCUMENTO&amp;sit=serv,Carmesi&amp;n=/10/2706/indice.djvu</subfield></datafield><datafield tag="592" ind1=" " ind2=" "><subfield code="a">1490-03-11</subfield></datafield><datafield tag="592" ind1=" " ind2=" "><subfield code="d">1490-03-11 00:00:00</subfield></datafield><datafield tag="651" ind1=" " ind2=" "><subfield code="a">Lorca</subfield></datafield><datafield tag="786" ind1=" " ind2=" "><subfield code="o">http://www.regmurcia.com/servlet/s.Sl?METHOD=VERDOCUMENTO&amp;sit=serv,Carmesi&amp;n=/10/2706/indice.djvu</subfield></datafield><datafield tag="856" ind1=" " ind2=" "><subfield code="u">http://www.regmurcia.com/servlet/s.Sl?METHOD=DETALLE&amp;sit=c,373,m,139,serv,Carmesi&amp;id=1124</subfield></datafield></record></metadata></record></GetRecord></OAI-PMH>
